Statistics for Country by secret police

Click here to take the quiz!

General Stats

  • This quiz has been taken 160 times
  • The average score is 5 of 16

Answer Stats

HintAnswer% Correct
GestapoNazi Germany
82%
StasiEast Germany
70%
Komitet Gosudarstvennoy BezopasnostiSoviet Union
68%
TokkoJapan
53%
Federal Security ServiceRussia
38%
JinyiweiChina (Ming Dynasty)
29%
MukhabaratIraq
24%
SecuritateRomania
22%
Mabahith Amn al-Dawla al-'UlyaEgypt
18%
Gukga anjeon bowibuNorth Korea
17%
FrumentariiRoman Empire
8%
ValpoFinland
8%
KopkamtibIndonesia
5%
SantebalCambodia
4%
SigurimiAlbania
4%
National Security AgencyBahrain
2%

Score Distribution

Percentile by Number Answered

Percent of People with Each Score

Your Score History

You have not taken this quiz